000 01097nam a2200241 a 4500
999 _c216460
_d216460
005 20260319102651.0
008 940418s1994 enk b 001 0 eng d
010 _a 94181840
020 _a1853462497) :
_c£12.99 : Formerly CIP
040 _aLC
_cUNZA
_eRDA
050 0 0 _aLB1576
_b.P354 2019
245 1 4 _aThe primary curriculum handbook /
_cedited by Roy Blachforf
260 _aMelton :
_bJohn catt educational ltd,
_c2019.
300 _a158 pages ;
336 _atext
337 _aunmediated
338 _avolume
500 _aThe Primary Language Leaders’ Book is a practical guide designed for teachers and school leaders responsible for leading language education in primary schools. Roy Blatchford focuses on improving the teaching and learning of languages by strengthening leadership, curriculum planning, and classroom practice. The book supports schools in delivering effective modern foreign language (MFL) programmes at the primary level.
650 0 0 _aLanguage arts (Elementary)
650 0 0 _aCurriculum planning
700 1 _aBlatchford, Roy
942 _cBOOK